Music Quiz

Random Music or Bands Quiz
Score 0/18 Timer 02:00
8 Plays Today
% Correct
Kurt Cobain
97.1%
Dave Grohl
90.9%
Billie Joe Armstrong
86.9%
Eddie Vedder
82.8%
Anthony Kiedis
82.1%
Lars Ulrich
81.5%
Flea
79.1%
James Hetfield
75.3%
Krist Novoselic
72.3%
% Correct
Chad Smith
69.6%
Kirk Hammett
67.1%
Tré Cool
60.5%
Jerry Cantrell
59.2%
Mike Dirnt
57.7%
Mike Inez
49.3%
Sean Kinney
48.2%
Mike McCready
47.3%
Stone Gossard
44.1%

You're not logged in!

Compare scores with friends on all Sporcle quizzes.
OR
Log In

Sporcle TV

Today on Sporcle TV


Watch our educational content, quiz creation guides, and fun videos on Sporcle TV.

Show Comments

Extras

Top Quizzes Today


Score Distribution

Paid Content

Your Account Isn't Verified!

In order to create a playlist on Sporcle, you need to verify the email address you used during registration. Go to your Sporcle Settings to finish the process.

Report this User

Report this user for behavior that violates our Community Guidelines.

Details: